MARC details
| 000 -CABECERA |
| campo de control de longitud fija |
00854nam a2200241 a 4500 |
| 005 - FECHA Y HORA DE LA ÚLTIMA TRANSACCIÓN |
| campo de control |
20220822122413.0 |
| 008 - ELEMENTOS DE LONGITUD FIJA--INFORMACIÓN GENERAL |
| campo de control de longitud fija |
160524s2015 mx r 000 0 spa d |
| 020 ## - NÚMERO INTERNACIONAL NORMALIZADO PARA LIBROS |
| Número Internacional Estándar del Libro |
9786079246617 |
| 035 ## - NÚMERO DE CONTROL DEL SISTEMA |
| Número de control de sistema |
UPN01000210557 |
| 049 ## - COLECCIÓN |
| Colección |
CG |
| 050 #4 - SIGNATURA TOPOGRÁFICA DE LA BIBLIOTECA DEL CONGRESO |
| Número de clasificación |
F1201 |
| Número de documento/Ítem |
M3.3 |
| 100 1# - ASIENTO PRINCIPAL--NOMBRE PERSONAL |
| Nombre de persona |
Maldonado Venegas, Luis, |
| Fechas asociadas al nombre |
1956- |
| 9 (RLIN) |
39861 |
| 245 10 - MENCIÓN DE TÍTULO |
| Título |
Academia Nacional de Historia y Geografía : |
| Resto del título |
1921-1960 / |
| Mención de responsabilidad, etc. |
Luis Maldonado Venegas, Ulises Casab Rueda ; ed. Rodrigo Fernández Chedraui. |
| 260 ## - PUBLICACIÓN, DISTRIBUCIÓN, ETC. |
| Lugar de publicación, distribución, etc. |
México : |
| Nombre del editor, distribuidor, etc. |
Ulises Casab Rueda, |
| Fecha de publicación, distribución, etc. |
2015. |
| 300 ## - DESCRIPCIÓN FÍSICA |
| Extensión |
377 p. : |
| Otras características físicas |
il. |
| 500 ## - NOTA GENERAL |
| Nota general |
"Memorias dispersas : 1921-1960" |
| 610 27 - ASIENTO SECUNDARIO DE MATERIA - NOMBRE CORPORATIVO |
| Nombre de entidad corporativa o nombre de jurisdicción como elemento de entrada |
Academia Nacional de Historia y Geografía (México) |
| Fuente del encabezamiento o término |
|
| 9 (RLIN) |
78 |
| 700 1# - ASIENTO SECUNDARIO--NOMBRE DE PERSONAL |
| Nombre de persona |
Casab Rueda, Ulises, |
| Término indicativo de función/relación |
coaut. |
| 740 0# - ASIENTO SECUNDARIO - TÍTULOS RELACIONADOS /ANALITICOS NO CONTROLADOS |
| Título relacionado o analítico no controlado |
Memorias dispersas : 1921-1960 |
| 700 2# - ASIENTO SECUNDARIO--NOMBRE DE PERSONAL |
| Nombre de persona |
Fernández Chedraui, Rodrigo, |
| Término indicativo de función/relación |
ed. |
| 905 ## - TIPO DE MATERIAL |
| Tipo de material |
Libro |